000 00544nam a2200241Ia 4500
005 20260306150623.0
008 008 260114s9999 xx 000 0 eng d
020 _a9781438428789
037 _aEbook
040 _aCRL
040 _beng
040 _cCRL
041 _2eng
041 _aeng
084 _qCRL
245 4 _aThe Revelation of the Breath
260 _bSUNY Press
260 _c2015
650 _aPhysics
856 _uhttps://www.degruyter.com/isbn/9781438428789
942 _cEBOOK
999 _c1698226
_d1698226